000 00233nam a22001097a 4500
008 180807b xxu||||| |||| 00| 0 eng d
082 _a813.52
245 _aHawaii Pas
_cAbbott
260 _c2008
300 _a1
_fCD
942 _2ddc
_cMX
999 _c46888
_d46888